| 000 | 00337 a2200121 4500 | ||
|---|---|---|---|
| 003 | Nust | ||
| 005 | 20170207154029.0 | ||
| 040 | _cNust | ||
| 100 | _aBALDOR ELECTRIC COMPANY | ||
| 245 |
_aSERVO CONTROL FACTS (E-Book) _bA HANDBOOK EXPLAINING THE BASICS OF MOTION _cBALDOR ELECTRIC COMPANY |
||
| 260 | _bBALDOR ELECTRIC COMPANY | ||
| 651 | _a(E-Book) | ||
| 942 |
_2ddc _cBK |
||
| 999 |
_c192067 _d192067 |
||